Les Excavacions arqueològiques a Catalunya en els darrers anys
Publicado:
Barcelona :
Departament de Cultura de la Generalitat de Catalunya, Direcció General del Patrimoni Artístic, Servei d'Arqueologia ,
1982
Descripción Física:
426 p. : il. ; 29 cm
Colección:
Excavacions arqueològiques a Catalunya ; 1
Otros Autores:
Catalunya. Servei d'Arqueologia
Materias:
Excavacions arqueològiques -- Catalunya
MARC
| LEADER | 00000nam a2200000Ia 4500 | ||
|---|---|---|---|
| 001 | 1340 | ||
| 008 | 160829s1982 xx 000 0 cat d | ||
| 080 | |a H-1-30 | ||
| 245 | |a Les Excavacions arqueològiques a Catalunya en els darrers anys | ||
| 260 | |a Barcelona : |b Departament de Cultura de la Generalitat de Catalunya, Direcció General del Patrimoni Artístic, Servei d'Arqueologia, |c 1982 | ||
| 300 | |a 426 p. : |b il. ; |c 29 cm | ||
| 490 | |a Excavacions arqueològiques a Catalunya ; 1 | ||
| 650 | |a Excavacions arqueològiques |x Catalunya |9 22041 | ||
| 700 | |a Catalunya. Servei d'Arqueologia |9 22042 | ||
| 901 | |a Arxiu | ||
| 942 | |n 1 | ||
| 952 | |0 0 |1 0 |4 0 |6 H130 |7 1 |9 42022 |a Arxiu |b Arxiu |d 2016-12-01 |l 0 |o H-1-30 |p 1340 |r 2016-12-01 00:00:00 |w 2016-12-01 |y ARXIU | ||
| 999 | |c 44469 |d 44469 | ||